| 000 | 00546nam a22001937a 4500 | ||
|---|---|---|---|
| 999 |
_c527520 _d527520 |
||
| 003 | NUST | ||
| 005 | 20190729111048.0 | ||
| 008 | 190729b ||||| |||| 00| 0 eng d | ||
| 038 | _aMr Noman Tariq | ||
| 082 | _a658.4 | ||
| 100 |
_aJahandad, Majed _918823 |
||
| 245 |
_aGrowth of PTCLBroadBand Opportunities and Challenges / _cMajed Jahandad. |
||
| 260 |
_aIslamabad: _bNBS - NUST, _c2014. |
||
| 300 |
_a81 p.: ill.; _c30cm. |
||
| 500 | _aHardcover. | ||
| 650 |
_aEMBA Thesis. _917645 |
||
| 700 |
_aJamshed Masood. _918824 |
||
| 942 |
_2ddc _cTHE |
||